000
00240nam a22001097a 4500
082
_a
540 FRE'C
100
_a
FREY, PAUL R
_9
59626
245
_a
COLLEGE CHEMISRTY
260
_a
NEWJERSCY
_b
PRENTICE HALL
_c
1957
300
_a
653P
942
_c
BK
999
_c
569557
_d
569557